[Event "Muensterland Verbandsklasse-B 0203"]
[Site "Muensterland"]
[Date "2003.04.05"]
[Round "8.4"]
[White "Hoeing, Juergen"]
[Black "Grund, Wolfgang"]
[Result "0-1"]
[WhiteElo "1840"]
[BlackElo "1897"]
[PlyCount "44"]
[EventDate "2002.09.28"]
[EventType "team"]
[EventRounds "9"]
[EventCountry "GER"]
[SourceTitle "EXT 2004"]
[Source "ChessBase"]
[SourceDate "2003.11.25"]
[SourceVersion "1"]
[SourceVersionDate "2003.11.25"]
[SourceQuality "1"]
[WhiteTeam "Steinfurt"]
[BlackTeam "Luedinghausen"]
[WhiteTeamCountry "GER"]
[BlackTeamCountry "GER"]

1. d4 d5 2. c4 c6 3. Nf3 dxc4 4. a4 Nf6 5. Nc3 Bf5 6. e3 e6 7. Bxc4 Bd6 8. 0-0 Nbd7 9. Re1 Ne4 10. Nd2 Bxh2+ 11. Kf1 Nxd2+ 12. Bxd2 Qh4 13. e4 Bg4 14. Be2 Nf6 15. Bf3 Bc7 16. e5 Qh1+ 17. Ke2 Qxg2 18. Bxg4 Nxg4 19. Be3 Nxe3 20. Kxe3 0-0-0 21. Rg1 Qh3+ 22. Rg3 Qh6+ 0-1

[Event "Muensterland Verbandsklasse-B 0203"]
[Site "Muensterland"]
[Date "2002.12.14"]
[Round "4.4"]
[White "Hoeing, Juergen"]
[Black "Boelker, Franz"]
[Result "1-0"]
[WhiteElo "1840"]
[BlackElo "1904"]
[PlyCount "103"]
[EventDate "2002.09.28"]
[EventType "team"]
[EventRounds "9"]
[EventCountry "GER"]
[SourceTitle "EXT 2004"]
[Source "ChessBase"]
[SourceDate "2003.11.25"]
[SourceVersion "1"]
[SourceVersionDate "2003.11.25"]
[SourceQuality "1"]
[WhiteTeam "Steinfurt"]
[BlackTeam "Raesfeld Erle"]
[WhiteTeamCountry "GER"]
[BlackTeamCountry "GER"]

1. d4 Nf6 2. c4 e6 3. Nf3 b6 4. g3 Bb7 5. Bg2 Bb4+ 6. Nbd2 0-0 7. 0-0 Bxd2 8. Bxd2 d6 9. b4 Nbd7 10. b5 a5 11. Bc3 Ne4 12. Bb2 f5 13. Qc2 Qe7 14. Rfd1 Rab8 15. Nd2 Ng5 16. Bxb7 Rxb7 17. f4 Nf7 18. e4 Nh6 19. Nf3 Nf6 20. Ng5 Rbb8 21. Re1 Qd7 22. Rad1 Nf7 23. exf5 exf5 24. Ne6 Rfe8 25. d5 Nh6 26. Bxf6 gxf6 27. Re2 Qf7 28. Rde1 Qd7 29. h3 Kh8 30. Qc3 Qf7 31. Kg2 Kg8 32. Qd3 Rbc8 33. Nd4 Rxe2+ 34. Rxe2 Qd7 35. Re6 Re8 36. Nxf5 Nf7 37. Qe4 Kf8 38. Nd4 Nd8 39. Rxe8+ Qxe8 40. Qxh7 Qe3 41. Qh8+ Kf7 42. Qh5+ Kf8 43. Qd1 Kf7 44. h4 Kf8 45. f5 Nf7 46. Qg4 Nh6 47. Qf4 Nxf5 48. Nxf5 Qe2+ 49. Kh3 Qxa2 50. Qe4 Kf7 51. Qe7+ Kg6 52. Qg7+ 1-0

[Event "Muensterland Verbandsklasse-B 0203"]
[Site "Muensterland"]
[Date "2002.11.23"]
[Round "3.4"]
[White "Hoeing, Juergen"]
[Black "Koetting, Hans Erich"]
[Result "1-0"]
[WhiteElo "1840"]
[BlackElo "1907"]
[PlyCount "65"]
[EventDate "2002.09.28"]
[EventType "team"]
[EventRounds "9"]
[EventCountry "GER"]
[SourceTitle "EXT 2004"]
[Source "ChessBase"]
[SourceDate "2003.11.25"]
[SourceVersion "1"]
[SourceVersionDate "2003.11.25"]
[SourceQuality "1"]
[WhiteTeam "Steinfurt"]
[BlackTeam "Duelmen"]
[WhiteTeamCountry "GER"]
[BlackTeamCountry "GER"]

1. d4 Nf6 2. c4 e6 3. Nf3 b6 4. g3 Bb7 5. Bg2 Be7 6. 0-0 0-0 7. Nc3 d5 8. Ne5 Qc8 9. cxd5 exd5 10. Bg5 Nbd7 11. Rc1 Re8 12. Qb3 c6 13. Bxf6 Bxf6 14. f4 Qd8 15. e4 Bxe5 16. fxe5 c5 17. Nxd5 Bxd5 18. exd5 Rb8 19. d6 Rf8 20. Bd5 Qe8 21. Rxf7 Rxf7 22. Rf1 Kh8 23. Bxf7 Qd8 24. Qc3 Rc8 25. d5 Nf8 26. Qe3 h6 27. Qf4 Nh7 28. e6 Ng5 29. Kg2 Qf8 30. e7 Qxf7 31. Qxf7 Nxf7 32. Rxf7 Kg8 33. d7 1-0